000 00581nam a2200205Ia 4500
003 OSt
005 20220107122749.0
008 130318s9999 xx 000 0 und d
020 _a9789381714720
040 _cIIITM-K
082 _a658.4038 MUN/K
245 _aKnowledge management for sustainable development
_cedited by Usha Mujoo Munshi
260 _bMedtech,
_aNew Delhi,
_c2014.
300 _axxiv, 204p.
650 _aMANAGEMENT
_95617
650 _aKNOWLEDGE MANAGEMENT
_95618
700 _aMunshi, Usha Mujoo
_95619
700 _aSharma, Vinod K
_95620
942 _2ddc
_cBK
999 _c4310
_d4310